| 000 | 00840nam a22002531u 4500 | ||
|---|---|---|---|
| 001 | 06114 | ||
| 003 | HDC | ||
| 007 | cr bn ---aaaaa | ||
| 008 | 210122p2013 | d 00 engg | ||
| 040 | _aHDC | ||
| 100 |
_aRibbink, Kim _96417 |
||
| 245 | 4 |
_aThe Changing Face South Korean PHARMA / by _cKim Ribbink |
|
| 260 |
_a[no place] : _b[publisher not identified], _c2013 |
||
| 300 | _a 1 online resource (3 pages) | ||
| 336 |
_atext _2rdacontent |
||
| 337 |
_acomputer _2rdamedia |
||
| 338 |
_aonline resource _2rdacarrier |
||
| 650 |
_aeconomic growth _94226 |
||
| 650 |
_aPharma industries _96418 |
||
| 856 | _zRequest full-text at [email protected] | ||
| 942 | _2lcc | ||
| 942 | _cEIS | ||
| 942 | _kREPT 000265 | ||
| 999 |
_c3438 _d3438 |
||